[Event "BIH-chT 11th"]
[Site "Jahorina"]
[Date "2012.06.04"]
[Round "3.2"]
[White "Stojanovic, Dobrisav"]
[Black "Vucic, Mladen"]
[Result "1-0"]
[WhiteElo "2350"]
[BlackElo "2336"]
[PlyCount "83"]
[EventDate "2012.06.02"]
[EventType "team-tourn"]
[EventRounds "9"]
[EventCountry "BIH"]
[SourceTitle "CBM 148 Extra"]
[Source "ChessBase"]
[SourceDate "2012.06.22"]
[SourceVersion "1"]
[SourceVersionDate "2012.06.22"]
[SourceQuality "1"]
[WhiteTeam "Prijedor Rudar"]
[BlackTeam "Bihac"]
[WhiteTeamCountry "BIH"]
[BlackTeamCountry "BIH"]

1. d4 d5 2. c4 c6 3. Nf3 Nf6 4. Nc3 e6 5. Bg5 h6 6. Bh4 dxc4 7. e4 g5 8. Bg3 b5 9. Be2 Bb7 10. 0-0 a6 11. a4 Nbd7 12. Ne5 Nxe5 13. Bxe5 Rg8 14. Bf3 Nd7 15. Bg3 b4 16. Nb1 a5 17. Nd2 Nb6 18. e5 Qxd4 19. Ne4 0-0-0 20. Qc1 c5 21. Rd1 Bxe4 22. Rxd4 Rxd4 23. Bxe4 Rxe4 24. Qc2 Rd4 25. Qh7 Rg7 26. Qh8 Rd8 27. h4 Nd5 28. Qxh6 Ne7 29. Qh5 g4 30. Bf4 Nf5 31. Bg5 Be7 32. Qxg4 Bxg5 33. hxg5 Rd4 34. Qf3 Rd5 35. Qg4 Rd4 36. Qh5 Kc7 37. g3 Rd2 38. Rc1 c3 39. bxc3 b3 40. Rb1 b2 41. Qf3 Rxg5 42. Qf4 1-0

[Event "Liechtenstein op 30th"]
[Site "Triesen"]
[Date "2012.05.17"]
[Round "7"]
[White "Colovic, Aleksandar"]
[Black "Vucic, Mladen"]
[Result "1/2-1/2"]
[WhiteElo "2433"]
[BlackElo "2336"]
[PlyCount "52"]
[EventDate "2012.05.11"]
[EventType "swiss"]
[EventRounds "9"]
[EventCountry "LIE"]
[SourceTitle "CBM 148 Extra"]
[Source "ChessBase"]
[SourceDate "2012.06.22"]
[SourceVersion "1"]
[SourceVersionDate "2012.06.22"]
[SourceQuality "1"]

1. d4 d5 2. c4 c6 3. cxd5 cxd5 4. Nc3 Nc6 5. Bf4 Nf6 6. Nf3 Bf5 7. e3 e6 8. Qb3 Bb4 9. Bb5 0-0 10. Bxc6 Bxc3+ 11. Qxc3 Rc8 12. Ne5 Ng4 13. Nxg4 Bxg4 14. Qb4 Rxc6 15. Qxb7 Qa5+ 16. b4 Qa4 17. 0-0 Be2 18. Rfe1 Bb5 19. Qe7 Rc2 20. h4 Re8 21. Qg5 f6 22. Qg3 Qxb4 23. a3 Qe7 24. Reb1 Ba6 25. Bd6 Qd7 26. Bc5 e5 1/2-1/2

[Event "Philadelphia op 6th"]
[Site "Philadelphia"]
[Date "2012.04.07"]
[Round "6"]
[White "Vucic, Mladen"]
[Black "Shahade, Gregory P"]
[Result "1/2-1/2"]
[WhiteElo "2328"]
[BlackElo "2475"]
[PlyCount "35"]
[EventDate "2012.04.04"]
[EventType "swiss"]
[EventRounds "9"]
[EventCountry "USA"]
[SourceTitle "CBM 147 Extra"]
[Source "ChessBase"]
[SourceDate "2012.04.24"]
[SourceVersion "1"]
[SourceVersionDate "2012.04.24"]
[SourceQuality "1"]

1. d4 d5 2. Nf3 Nf6 3. c4 e6 4. Nc3 c6 5. cxd5 exd5 6. Bg5 Be7 7. e3 Bf5 8. Bd3 Bxd3 9. Qxd3 Nbd7 10. 0-0 0-0 11. Rab1 a5 12. Qc2 h6 13. Bh4 Re8 14. a3 Ra6 15. Rfc1 Nb6 16. Na4 Nxa4 17. Bxf6 Bxf6 18. Qxa4 1/2-1/2

[Event "Paleochora op 2nd"]
[Site "Paleochora"]
[Date "2009.07.27"]
[Round "8"]
[White "Nechaeva, Marina"]
[Black "Vucic, Mladen"]
[Result "1-0"]
[WhiteElo "2226"]
[BlackElo "2358"]
[PlyCount "82"]
[EventDate "2009.07.21"]
[EventType "swiss"]
[EventRounds "9"]
[EventCountry "GRE"]
[SourceTitle "CBM 131 Extra"]
[Source "ChessBase"]
[SourceDate "2009.09.03"]
[SourceVersion "2"]
[SourceVersionDate "2009.09.16"]
[SourceQuality "1"]

1. e4 c5 2. Nf3 e6 3. d3 d5 4. Qe2 Ne7 5. g3 g6 6. e5 Bg7 7. Bg2 h6 8. h4 b6 9. 0-0 a5 10. c4 Na6 11. Nc3 Nc7 12. Bf4 Rb8 13. Rad1 0-0 14. g4 Nc6 15. Bg3 Qe7 16. b3 Rd8 17. a4 Bb7 18. Nb5 Nxb5 19. cxb5 Nb4 20. d4 Rbc8 21. Rc1 Rc7 22. dxc5 bxc5 23. Nd2 Na2 24. Rc2 Nb4 25. Rcc1 Na2 26. Rc2 Nb4 27. Rb2 Rcc8 28. f4 d4 29. Bxb7 Qxb7 30. Nc4 d3 31. Qg2 Qc7 32. Rd2 Rd4 33. Rf3 Rcd8 34. Bf2 R4d7 35. f5 h5 36. Qf1 Bf8 37. Be1 Nc2 38. Rd1 Nd4 39. Bxa5 Nxf3+ 40. Qxf3 Qb8 41. Bxd8 Qxd8 1-0

[Event "USA tt"]
[Site "ICC INT"]
[Date "2005.08.31"]
[Round "1"]
[White "Vucic, Mladen"]
[Black "Milman, Lev"]
[Result "0-1"]
[WhiteElo "2374"]
[BlackElo "2459"]
[PlyCount "88"]
[EventDate "2005.10.05"]
[EventType "team"]
[EventRounds "10"]
[EventCountry "USA"]
[SourceTitle "CBM 108 Extra"]
[Source "ChessBase"]
[SourceDate "2005.11.04"]
[SourceVersion "1"]
[SourceVersionDate "2005.11.04"]
[SourceQuality "1"]

1. d4 Nf6 2. Nf3 g6 3. c4 Bg7 4. g3 0-0 5. Bg2 d6 6. 0-0 c5 7. Nc3 Nc6 8. dxc5 dxc5 9. Be3 Qa5 10. Nd5 Nd7 11. Bd2 Qd8 12. Bc3 e5 13. e4 Re8 14. Ne1 Nb6 15. b3 Nxd5 16. cxd5 Nd4 17. Bxd4 exd4 18. Nd3 b6 19. f4 Bb7 20. Re1 f5 21. exf5 Rxe1+ 22. Qxe1 Bxd5 23. fxg6 hxg6 24. Qe2 Qd7 25. Re1 Rc8 26. Ne5 Bxe5 27. Qxe5 Bf7 28. Qg5 d3 29. Bf3 b5 30. Re7 Qf5 31. Rc7 Rxc7 32. Qd8+ Kg7 33. Qxc7 c4 34. Qxa7 Qf6 35. bxc4 bxc4 36. Bd5 d2 37. Bf3 Qa1+ 38. Kf2 d1Q 39. Bxd1 Qxd1 40. Qe3 Qc2+ 41. Qe2 Qc3 42. a4 Qd4+ 43. Qe3 Qb2+ 44. Qe2 c3 0-1

[Event "Kostrena IM"]
[Site "Kostrena"]
[Date "2004.09.03"]
[Round "9"]
[White "Vucic, Mladen"]
[Black "Saric, Kristina"]
[Result "1-0"]
[WhiteElo "2385"]
[BlackElo "2171"]
[PlyCount "67"]
[EventDate "2004.08.26"]
[EventType "tourn"]
[EventRounds "9"]
[EventCountry "CRO"]
[EventCategory "2"]
[SourceTitle "CBM 102 Extra"]
[Source "ChessBase"]
[SourceDate "2004.11.03"]
[SourceVersion "1"]
[SourceVersionDate "2004.11.03"]
[SourceQuality "1"]

1. d4 Nf6 2. Nf3 d6 3. c4 Nbd7 4. Nc3 c6 5. g3 e5 6. e4 Be7 7. Bg2 0-0 8. 0-0 a6 9. a4 a5 10. h3 Re8 11. Be3 exd4 12. Nxd4 Bf8 13. Qc2 Nc5 14. Rfe1 g6 15. Rad1 Nfd7 16. f4 Qc7 17. Bf2 Na6 18. b3 Nb4 19. Qb1 Nc5 20. f5 Bg7 21. g4 Be5 22. Na2 Qb6 23. Nc1 Bd7 24. Nf3 Rad8 25. Nxe5 dxe5 26. Qb2 Nba6 27. Qc3 Qc7 28. Bh4 Rb8 29. Bf6 h5 30. Qe3 Kh7 31. Qg5 Rg8 32. Bxe5 Qb6 33. Kf1 Rbe8 34. Bf4 1-0

[Event "Kostrena IM"]
[Site "Kostrena"]
[Date "2004.08.28"]
[Round "3"]
[White "Vucic, Mladen"]
[Black "Bosiocic, Marin"]
[Result "1/2-1/2"]
[WhiteElo "2385"]
[BlackElo "2308"]
[PlyCount "38"]
[EventDate "2004.08.26"]
[EventType "tourn"]
[EventRounds "9"]
[EventCountry "CRO"]
[EventCategory "2"]
[SourceTitle "CBM 102 Extra"]
[Source "ChessBase"]
[SourceDate "2004.11.03"]
[SourceVersion "1"]
[SourceVersionDate "2004.11.03"]
[SourceQuality "1"]

1. Nf3 c5 2. b3 Nf6 3. Bb2 e6 4. g3 b6 5. Bg2 Bb7 6. 0-0 Be7 7. c4 0-0 8. d4 cxd4 9. Nxd4 Bxg2 10. Kxg2 Qc7 11. Nc3 Nc6 12. Kg1 Rfd8 13. Rc1 Qb7 14. Nxc6 Qxc6 15. Qd3 Rac8 16. Rfd1 Qb7 17. Nb5 d5 18. Qf3 a6 19. Nc3 b5 1/2-1/2

[Event "CRO Cup"]
[Site "Rabac"]
[Date "2004.06.24"]
[Round "6"]
[White "Vucic, Mladen"]
[Black "Dabo Peranic, Robert"]
[Result "0-1"]
[WhiteElo "2413"]
[BlackElo "2320"]
[PlyCount "94"]
[EventDate "2004.05.20"]
[EventType "swiss"]
[EventRounds "9"]
[EventCountry "CRO"]
[SourceTitle "CBM 100 Extra"]
[Source "ChessBase"]
[SourceDate "2004.07.06"]
[SourceVersion "2"]
[SourceVersionDate "2004.07.06"]
[SourceQuality "1"]

1. d4 f5 2. Nf3 Nf6 3. g3 g6 4. Bg2 Bg7 5. 0-0 0-0 6. c4 d6 7. Nc3 Qe8 8. d5 a5 9. Nd4 Na6 10. Rb1 Bd7 11. b3 Nc5 12. a3 Qf7 13. Nf3 h6 14. Be3 b6 15. Bd4 g5 16. b4 axb4 17. axb4 Nce4 18. Nxe4 Nxe4 19. Qd3 Ra2 20. Ra1 Rfa8 21. Rxa2 Rxa2 22. Rd1 e5 23. Ra1 Rxa1+ 24. Bxa1 Qe8 25. Qa3 Ba4 26. Ne1 b5 27. Bxe4 fxe4 28. c5 Qf7 29. Qa2 c6 30. cxd6 cxd5 31. f3 exf3 32. Nxf3 d4 33. Qxf7+ Kxf7 34. e3 Bd1 35. Kf2 dxe3+ 36. Kxe3 Bxf3 37. Kxf3 e4+ 38. Kxe4 Bxa1 39. Kd5 Bc3 40. d7 Ke7 41. Kc6 Bxb4 42. Kxb5 Kxd7 43. Kxb4 Ke6 44. Kc3 Kf5 45. h3 Ke4 46. h4 g4 47. h5 Kf3 0-1

[Event "BIH-chT"]
[Site "Neum"]
[Date "2004.06.06"]
[Round "9.4"]
[White "Vucic, Mladen"]
[Black "Sibarevic, Milenko"]
[Result "1/2-1/2"]
[WhiteElo "2413"]
[BlackElo "2358"]
[PlyCount "20"]
[EventDate "2004.05.29"]
[EventType "team"]
[EventRounds "9"]
[EventCountry "BIH"]
[SourceTitle "CBM 102"]
[Source "ChessBase"]
[SourceDate "2004.09.23"]
[SourceVersion "1"]
[SourceVersionDate "2004.09.23"]
[SourceQuality "1"]
[WhiteTeam "Prozor Rama"]
[BlackTeam "Banja Luka"]
[WhiteTeamCountry "BIH"]
[BlackTeamCountry "BIH"]

1. e4 c5 2. Nf3 d6 3. d4 cxd4 4. Nxd4 Nf6 5. Nc3 a6 6. Be2 e6 7. Be3 Be7 8. 0-0 0-0 9. f4 Qc7 10. Qd2 Nc6 1/2-1/2

[Event "BIH-chT"]
[Site "Neum"]
[Date "2004.06.03"]
[Round "6.4"]
[White "Palac, Mladen"]
[Black "Vucic, Mladen"]
[Result "1-0"]
[WhiteElo "2565"]
[BlackElo "2413"]
[PlyCount "71"]
[EventDate "2004.05.29"]
[EventType "team"]
[EventRounds "9"]
[EventCountry "BIH"]
[SourceTitle "CBM 102"]
[Source "ChessBase"]
[SourceDate "2004.09.23"]
[SourceVersion "1"]
[SourceVersionDate "2004.09.23"]
[SourceQuality "1"]
[WhiteTeam "Kiseljak"]
[BlackTeam "Prozor Rama"]
[WhiteTeamCountry "BIH"]
[BlackTeamCountry "BIH"]

1. e4 e5 2. Nf3 Nc6 3. d4 exd4 4. Nxd4 Bc5 5. Nb3 Bb6 6. Nc3 Nf6 7. Qe2 d6 8. Be3 Bxe3 9. Qxe3 0-0 10. 0-0-0 Qe7 11. f3 Ne5 12. g4 c6 13. h3 b5 14. f4 Ng6 15. Nd4 b4 16. Nxc6 Qb7 17. Nd5 Qxc6 18. f5 Nxd5 19. exd5 Qa4 20. fxg6 Qxa2 21. gxh7+ Kh8 22. Qd4 Qa1+ 23. Kd2 Qa5 24. b3 Bb7 25. Bc4 Qd8 26. h4 Re8 27. Rdf1 Qd7 28. Rf5 Re5 29. Rhf1 Rxf5 30. Rxf5 Kxh7 31. Bd3 Kg8 32. Rg5 f6 33. Qxf6 Bxd5 34. Qg6 Qf7 35. Qh7+ Kf8 36. Rf5 1-0

[Event "BIH-chT"]
[Site "Neum"]
[Date "2004.06.02"]
[Round "5.4"]
[White "Feletar, Darko"]
[Black "Vucic, Mladen"]
[Result "1/2-1/2"]
[WhiteElo "2395"]
[BlackElo "2413"]
[PlyCount "22"]
[EventDate "2004.05.29"]
[EventType "team"]
[EventRounds "9"]
[EventCountry "BIH"]
[SourceTitle "CBM 102"]
[Source "ChessBase"]
[SourceDate "2004.09.23"]
[SourceVersion "1"]
[SourceVersionDate "2004.09.23"]
[SourceQuality "1"]
[WhiteTeam "Siroki Brijeg"]
[BlackTeam "Prozor Rama"]
[WhiteTeamCountry "BIH"]
[BlackTeamCountry "BIH"]

1. e4 e5 2. Nf3 Nc6 3. Bb5 a6 4. Ba4 Nf6 5. 0-0 Be7 6. Re1 b5 7. Bb3 d6 8. c3 0-0 9. d4 Bg4 10. Be3 Bh5 11. Nbd2 exd4 1/2-1/2

[Event "BIH-chT"]
[Site "Neum"]
[Date "2004.05.31"]
[Round "3.4"]
[White "Goric, Esad"]
[Black "Vucic, Mladen"]
[Result "1/2-1/2"]
[WhiteElo "2385"]
[BlackElo "2413"]
[PlyCount "24"]
[EventDate "2004.05.29"]
[EventType "team"]
[EventRounds "9"]
[EventCountry "BIH"]
[SourceTitle "CBM 102"]
[Source "ChessBase"]
[SourceDate "2004.09.23"]
[SourceVersion "1"]
[SourceVersionDate "2004.09.23"]
[SourceQuality "1"]
[WhiteTeam "Sarajevo Napredak"]
[BlackTeam "Prozor Rama"]
[WhiteTeamCountry "BIH"]
[BlackTeamCountry "BIH"]

1. c4 c5 2. g3 Nf6 3. Bg2 e6 4. e4 Nc6 5. Nc3 Be7 6. Nge2 a6 7. 0-0 0-0 8. d3 d6 9. f4 Qc7 10. h3 Rb8 11. a4 b6 12. Be3 Bb7 1/2-1/2

[Event "BIH-chT"]
[Site "Neum"]
[Date "2004.05.30"]
[Round "2.4"]
[White "Vucic, Mladen"]
[Black "Vujadinovic, Goran"]
[Result "1/2-1/2"]
[WhiteElo "2413"]
[BlackElo "2388"]
[PlyCount "27"]
[EventDate "2004.05.29"]
[EventType "team"]
[EventRounds "9"]
[EventCountry "BIH"]
[SourceTitle "CBM 102"]
[Source "ChessBase"]
[SourceDate "2004.09.23"]
[SourceVersion "1"]
[SourceVersionDate "2004.09.23"]
[SourceQuality "1"]
[WhiteTeam "Prozor Rama"]
[BlackTeam "S Saraj"]
[WhiteTeamCountry "BIH"]
[BlackTeamCountry "BIH"]

1. d4 d6 2. Nf3 g6 3. g3 Bg7 4. Bg2 Nd7 5. 0-0 e5 6. Nc3 Nh6 7. dxe5 dxe5 8. Bg5 f6 9. Bxh6 Bxh6 10. Qd5 c6 11. Qc4 Qe7 12. Rad1 Nb6 13. Qh4 Bg7 14. Bh3 1/2-1/2

[Event "Liechtenstein op 22nd"]
[Site "Triesen"]
[Date "2004.05.16"]
[Round "3"]
[White "Bhend, Edwin"]
[Black "Vucic, Mladen"]
[Result "1/2-1/2"]
[WhiteElo "2254"]
[BlackElo "2413"]
[PlyCount "120"]
[EventDate "2004.05.14"]
[EventType "swiss"]
[EventRounds "9"]
[EventCountry "LIE"]
[SourceTitle "CBM 100 Extra"]
[Source "ChessBase"]
[SourceDate "2004.07.06"]
[SourceVersion "2"]
[SourceVersionDate "2004.07.06"]
[SourceQuality "1"]

1. e4 c5 2. Nf3 e6 3. b3 b6 4. d4 cxd4 5. Nxd4 a6 6. Bd3 Bc5 7. c3 Nc6 8. Be3 Ne5 9. Bc2 Bb7 10. f4 Qh4+ 11. g3 Qh6 12. Qe2 Nc6 13. Nd2 Nf6 14. 0-0 Qh3 15. N2f3 h6 16. Nxc6 Bxc6 17. Bxc5 bxc5 18. Ne5 Bb7 19. Rad1 d5 20. exd5 Nxd5 21. Rd2 0-0 22. c4 Nf6 23. Nd7 Nxd7 24. Rxd7 Bc6 25. Rd6 Bb7 26. Rfd1 Rae8 27. R1d2 g6 28. Be4 Bxe4 29. Qxe4 a5 30. Qe5 Rc8 31. Qf6 Qh5 32. Kg2 a4 33. bxa4 Ra8 34. h3 Qf5 35. Qxf5 gxf5 36. Rc6 Ra5 37. g4 fxg4 38. hxg4 Rxa4 39. Rxc5 Rfa8 40. Kf3 Rxa2 41. Rxa2 Rxa2 42. f5 Kg7 43. fxe6 fxe6 44. Re5 Kf6 45. Rh5 Rc2 46. Rxh6+ Ke5 47. Rh5+ Kd4 48. g5 Rc3+ 49. Kg4 Ke5 50. Rh1 Rxc4+ 51. Kh5 Rc8 52. Re1+ Kf5 53. Rf1+ Ke4 54. g6 e5 55. g7 Rg8 56. Kg6 Kd3 57. Rf8 Rxg7+ 58. Kxg7 e4 59. Rd8+ Kc3 60. Kf6 e3 1/2-1/2

[Event "Lindsborg Rotary op"]
[Site "Lindsborg"]
[Date "2002.12.19"]
[Round "3"]
[White "Vucic, Mladen"]
[Black "Onischuk, Alexander"]
[Result "1/2-1/2"]
[WhiteElo "2396"]
[BlackElo "2649"]
[PlyCount "79"]
[EventDate "2002.12.17"]
[EventType "swiss"]
[EventRounds "9"]
[EventCountry "USA"]
[SourceTitle "CBM 091 Extra"]
[Source "ChessBase"]
[SourceDate "2003.01.09"]
[SourceVersion "1"]
[SourceVersionDate "2003.01.09"]
[SourceQuality "1"]

1. Nf3 Nf6 2. d4 e6 3. c4 d5 4. Nc3 Be7 5. Bg5 h6 6. Bh4 0-0 7. e3 b6 8. Rc1 Bb7 9. Bxf6 Bxf6 10. cxd5 exd5 11. Qb3 c6 12. Be2 Nd7 13. 0-0 Re8 14. Rfd1 g6 15. Bf1 h5 16. Bd3 Nf8 17. a3 Ne6 18. Qa2 Bg7 19. Bf1 h4 20. b4 Rc8 21. a4 c5 22. bxc5 bxc5 23. dxc5 Rxc5 24. Nb5 Rxc1 25. Rxc1 d4 26. Nbxd4 Nxd4 27. Nxd4 h3 28. Ne2 Be5 29. Ng3 Qe7 30. Qb1 Rb8 31. Qd3 Rd8 32. Qe2 Qa3 33. Rd1 Rxd1 34. Qxd1 Bc6 35. Qd8+ Kg7 36. Nh5+ Kh6 37. Nf6 Kg7 38. Nh5+ Kh6 39. Nf6 Kg7 40. Nh5+ 1/2-1/2

[Event "Western States op"]
[Site "Reno"]
[Date "2002.10.18"]
[Round "2"]
[White "Vucic, Mladen"]
[Black "Novikov, Igor A"]
[Result "0-1"]
[WhiteElo "2458"]
[BlackElo "2721"]
[PlyCount "62"]
[EventDate "2002.10.18"]
[EventType "swiss"]
[EventRounds "6"]
[EventCountry "USA"]
[SourceTitle "EXT 2009"]
[Source "ChessBase"]
[SourceDate "2008.11.26"]
[SourceVersion "1"]
[SourceVersionDate "2008.11.26"]
[SourceQuality "1"]

1. d4 d5 2. Nf3 Nf6 3. c4 e6 4. Nc3 c6 5. cxd5 exd5 6. Bg5 Be7 7. Qc2 g6 8. e4 dxe4 9. Nxe4 0-0 10. Bxf6 Bxf6 11. Nxf6+ Qxf6 12. Be2 Bg4 13. Rd1 Bxf3 14. Bxf3 Qe6+ 15. Be2 Qxa2 16. h4 Nd7 17. h5 Rae8 18. Kf1 Nb6 19. Rh3 Qe6 20. Ra3 Re7 21. Re3 Qd6 22. Qc5 Qxc5 23. dxc5 Rxe3 24. fxe3 Nd5 25. Kf2 Re8 26. Bf3 Re5 27. h6 Kf8 28. Rd4 Ke7 29. Ra4 a6 30. e4 Nf4 31. b4 Ne6 0-1